000 00837nam a22001577a 4500
003 OSt
005 20151004152303.0
008 151004b xxu||||| |||| 00| 0 eng d
040 _cRUA
082 _aAVM TOP 2004 B074 Or.1
100 _92008
_aTOP, RATHEANIN.
245 _aeffects of ruvver seed utilization in the diet on growing rate of broiler at royal university of agriculture ( ឥទ្ធិពលនៃការប្រើប្រាស់គ្រាប់កៅស៊ូក្នុងចំណីផ្សំទៅលើការលូតលាស់របស់មាន់សាច់នៅស្ថានីយចិញ្ចឹមសត្វនៃសាកលវិទ្យាល័យភូមិន្ទកសិកម្ម)
260 _aPhnom Penh
_bRUA
_c2004
300 _a38p.
_bill.
_c29cm.
942 _2ddc
_cAVM
999 _c1897
_d1897